| 000 | 00347nam a2200133Ia 4500 | ||
|---|---|---|---|
| 008 | 240624s9999 xx 000 0 und d | ||
| 041 | _aeng | ||
| 082 | _a658.3 EHI | ||
| 100 | _aEHIN CHARLES | ||
| 245 | _aUNLEASHING INTELLECTUAL CAPITAL | ||
| 260 |
_c2000 _aBoston _bButterworth Heinemann |
||
| 300 | _axix, : 200 : p. : cm. ; 23 | ||
| 365 |
_c _b30 |
||
| 999 |
_c16492 _d16492 |
||